Statistiques concernant Saints de France en images

Cliquez ici pour prendre le quiz!

Statistiques générales

  • Ce quiz a été pris 36 fois
  • Le résultat moyen est 6 sur 15

Statistiques - réponses

Réponse% Correct
Jeanne d'Arc
94%
Louis IX
82%
Thérèse de Lisieux
79%
Bernadette Soubirous
68%
Jean-Marie Vianney
59%
Denis de Paris
47%
Vincent de Paul
44%
Martin de Tours
41%
Charles de Foucauld
38%
Louis et Zélie Martin
38%
Catherine Labouré
18%
Bernard de Clairvaux
15%
Louis-Marie Grignion de Montfort
12%
Marguerite-Marie Alacoque
9%
Théodore Guérin
3%

Distribution des résultats

Percentile par nombre de réponses

% des personnes avec chaque résultat

Votre développement - résultats

Vous n’avez pas pris ce quiz